Loading...
History - Other History | 0 | 3 | 0 | 1 | 30 | 91 | 102.00 | 0 | 0 |
History - World History | 0 | 2 | 0 | 0 | 20 | 23 | 48.50 | 1 | 1 |
Science - Physics | 0 | 2 | 1 | 0 | 15 | 121 | 123.50 | 0 | 0 |
Social Science | 0 | 1 | 0 | 1 | 10 | 127 | 127.00 | 0 | 0 |
Literature - World/Other Literature | 0 | 1 | 0 | 0 | 10 | 107 | 107.00 | 0 | 0 |
Mythology | 0 | 2 | 2 | 1 | 10 | 65 | 100.50 | 0 | 1 |
Philosophy | 0 | 1 | 0 | 0 | 10 | 69 | 69.00 | 0 | 0 |
Religion | 0 | 1 | 0 | 0 | 10 | 106 | 106.00 | 0 | 1 |
Science - Chemistry | 0 | 2 | 2 | 0 | 10 | 81 | 89.50 | 0 | 0 |
Literature - British Literature | 0 | 0 | 1 | 0 | -5 | 0.00 | 0 | 0 | |
Science - Biology | 0 | 0 | 1 | 0 | -5 | 0.00 | 0 | 0 | |
Science - Other Science | 0 | 0 | 1 | 0 | -5 | 0.00 | 0 | 0 | |
History - European History | 0 | 0 | 1 | 0 | -5 | 0.00 | 0 | 0 | |
Fine Arts - Other Fine Arts | 0 | 0 | 2 | 0 | -10 | 0.00 | 0 | 0 |